000 01744cam a22003854a 4500
999 _c528872
_d528872
001 11992501
003 NUST
005 20190914163624.0
008 000502s2001 caua b 001 0 eng
010 _a 00033737
020 _a0534371353
038 _aAtta
040 _aDLC
_cDLC
_dDLC
042 _apcc
050 0 0 _bW55 2001
082 0 0 _a658
_221
100 1 _aAlbright Winston, Wayne L.
_920683
245 1 0 _aManagement science Modeling /
_cWayne L. Winston, S. Christian Albright ; with case studies by Mark Broadie.
250 _a2nd ed.
260 _aPacific Grove, CA :
_bBrooks/Cole,
_c2001.
300 _axviii, 953 p. :
_bill. ;
_c26 cm.
_e+ 1 computer laser optical disc (4 3/4 in.)
500 _aStudy guide (186 p. ; 24 cm.).
504 _aIncludes bibliographical references (p. 943-947) and index.
650 0 _aManagement science
_xComputer simulation.
_920684
650 0 _aManagement science
_xMathematical models.
_920685
650 0 _aElectronic spreadsheets.
_920686
700 1 _aAlbright, S. Christian.
_920687
700 1 _aBroadie, Mark Nathan.
_920688
856 4 2 _3Contributor biographical information
_uhttp://www.loc.gov/catdir/enhancements/fy1105/00033737-b.html
856 4 2 _3Publisher description
_uhttp://www.loc.gov/catdir/enhancements/fy1105/00033737-d.html
856 4 1 _3Table of contents only
_uhttp://www.loc.gov/catdir/enhancements/fy1105/00033737-t.html
906 _a7
_bcbc
_corignew
_d1
_eocip
_f20
_gy-gencatlg
942 _2ddc
_cBK